[Event "Buenos Aires ol (Women)"]
[Site "Buenos Aires"]
[Date "1978.??.??"]
[Round "?"]
[White "Santoy, C."]
[Black "Arias, Julia"]
[Result "0-1"]
[WhiteElo "2000"]
[BlackElo "1980"]

1.d4 g6 2.e4 d6 3.Nc3 Bg7 4.Nf3 c6 5.Be2 Nf6 6.h3 O-O 7.O-O Qc7 8.Be3 e5
9.d5 Ne8 10.a4 a5 11.Rb1 Na6 12.Qd2 Nb4 13.Bh6 cxd5 14.Bxg7 Kxg7 15.exd5 Bf5
16.Rbc1 Nf6 17.Ne1 Ne4 18.Nxe4 Bxe4 19.c4 Rac8 20.g4 Bxd5 21.b3 b6 22.Nd3 Nxd3
23.Qxd3 Ba8 24.Bf3 Bxf3 25.Qxf3 f5 26.Qd5 fxg4 27.hxg4 Rf4 28.Qg2 Rcf8 29.f3 Qc5+
30.Kh2 Qe3 31.Qf2 Rxf3 32.Qxe3 Rxe3 33.Rxf8 Kxf8 34.Rb1 Re4 35.Kg3 Ke7 36.Kf3 Rf4+
37.Kg3 Rd4 38.Kf3 h5 39.gxh5 gxh5 40.Ke3 h4 41.Rg1 Kf7 42.Rg5 Rf4 43.Rh5 Rg4
44.Rh8 Rg3+ 45.Kf2 Rxb3 46.Rxh4 Rb4  0-1

[Event "Buenos Aires ol (Women)"]
[Site "Buenos Aires"]
[Date "1978.??.??"]
[Round "?"]
[White "Savereide, Diane"]
[Black "Polihroniade, Elisabeta"]
[Result "1-0"]
[WhiteElo "2160"]
[BlackElo "2210"]

1.e4 g6 2.d4 d6 3.Nc3 Bg7 4.f4 Nf6 5.Nf3 O-O 6.Bd3 Na6 7.O-O c5 8.d5 Nc7
9.Qe1 Rb8 10.a4 Bd7 11.Kh1 b6 12.Qh4 a6 13.f5 b5 14.Bh6 bxa4 15.Ng5 Nce8
16.Rf3 Nh5 17.Bxg7 Kxg7 18.Raf1 Nhf6 19.fxg6 fxg6 20.e5 dxe5 21.Rxf6 Nxf6
22.Rxf6 Bf5 23.Qxh7+ Kxf6 24.Nge4+ Bxe4 25.Nxe4+ Kf5 26.Qh3+  1-0

[Event "Buenos Aires ol (Men)"]
[Site "Buenos Aires"]
[Date "1978.??.??"]
[Round "?"]
[White "Wittmann, Walter"]
[Black "Jamieson, Peter Michael"]
[Result "1/2-1/2"]
[WhiteElo "2350"]
[BlackElo "2310"]

1.e4 g6 2.d4 Bg7 3.Nc3 d6 4.f4 Nf6 5.Nf3 c5 6.dxc5 Qa5 7.Bd3 Qxc5 8.Qe2 O-O
9.Be3 Qc7 10.O-O Bg4 11.Qe1 Bxf3 12.Rxf3 Nbd7 13.Qh4 Nc5 14.Raf1 Rfd8 15.f5 Nxd3
16.cxd3 d5 17.Bh6 dxe4 18.dxe4 Bxh6 19.Qxh6 Qe5 20.Nd5 Nxd5 21.fxg6 Qd4+
22.R1f2 Qd1+ 23.Rf1 Qd4+ 24.R1f2 Qd1+ 25.Rf1  1/2-1/2

[Event "Buenos Aires ol (Men)"]
[Site "Buenos Aires"]
[Date "1978.??.??"]
[Round "?"]
[White "Wostin, Rik Hendrik"]
[Black "Zarco, C."]
[Result "1/2-1/2"]
[WhiteElo "2200"]
[BlackElo "2200"]

1.e4 d6 2.d4 g6 3.Nc3 Bg7 4.f4 Nf6 5.Nf3 O-O 6.Bd3 Nc6 7.e5 dxe5 8.dxe5 Ng4
9.O-O Nb4 10.Be4 c6 11.Qe2 Nh6 12.a3 Nd5 13.Bd2 Bf5 14.Kh1 Bg4 15.h3 Bf5
16.Rad1 Nxc3 17.Bxc3 Qc7 18.g4 Bd7 19.Rg1 Kh8 20.Nh4 Ng8 21.Bd3 c5 22.Rde1 b5
23.f5 Bc6+ 24.Be4 b4 25.axb4 cxb4 26.Bd4 Rfc8 27.Bxc6 Qxc6+ 28.Rg2 a5 29.c3 bxc3
30.Bxc3 a4 31.Bb4 Rab8 32.Qe4 Qb5 33.Ba3 Rc4 34.Qe2 Qc6 35.fxg6 fxg6 36.Nf3 h6
37.Nh4 Rc8 38.e6 Qe8 39.Qd3 Kh7 40.Nf3 Qc6 41.Rge2 Rf4 42.Re4 Rcf8 43.Rxf4 Rxf4
44.Kg2 Bf6 45.Re2 Bh4 46.Qe3 Bg5 47.Qc3 Rc4 48.Qd3 Bh4 49.Qd7 Qa8 50.Rd2 Rf4
51.Qd5 Qxd5 52.Rxd5 Bf6 53.g5 hxg5 54.Nxg5+ Bxg5 55.Rxg5 Kg7 56.Re5 Kf6 57.Re2 Nh6
58.b3 g5 59.bxa4 Rxa4 60.Rf2+ Nf5 61.Bxe7+ Kxe7 62.Rxf5 Kxe6 63.Rxg5 Kf6  1/2-1/2

[Event "Buenos Aires ol (Men)"]
[Site "Buenos Aires"]
[Date "1978.??.??"]
[Round "?"]
[White "Zapata, Alonso"]
[Black "Jamieson, Peter Michael"]
[Result "1/2-1/2"]
[WhiteElo "2355"]
[BlackElo "2310"]

1.e4 g6 2.d4 Bg7 3.Nc3 d6 4.Nf3 Nf6 5.Be2 O-O 6.O-O Bg4 7.Be3 Nc6 8.Qd3 Nd7
9.a4 e5 10.d5 Bxf3 11.Bxf3 Nd4 12.Bd1 c6 13.f3 f5 14.Qc4 Kh8 15.a5 b5 16.axb6 Nxb6
17.Qd3 fxe4 18.Qxe4 Nf5 19.Bf2 Ne7 20.dxc6 d5 21.Qd3 Nxc6 22.Na4 d4 23.Nc5 Qe7
24.Qb5 Rac8 25.Ne4 Nb4 26.c3 N4d5 27.Bb3 Nf4 28.Rfd1 Rb8 29.Qa5 Nc8 30.Ra3 Rb6
31.c4 Nd6 32.Nxd6 Rxd6 33.Qe1 Rb6 34.Rxd4 Qb7 35.Rxa7 exd4 36.Rxb7 Rxb7 37.Bc2 Rxb2
38.Qe4 Rd8 39.Bh4 Rc8 40.Bg3 Nh5 41.Bf2 Nf6 42.Qd3 Rb4 43.Bxd4 Rbxc4 44.Bd1 R4c7
45.Be2 Rd7 46.Qe3 Re8 47.Be5 Rde7 48.f4 Nd5 49.Bxg7+ Kxg7 50.Qd4+ Nf6 51.Bf3 Rd7
52.Qc3 Red8 53.h3 Rd3 54.Qa1 Rxf3 55.gxf3 Rd5 56.Kf2 Rf5 57.Qc1 Kh6 58.Kg3 Nh5+
59.Kg4 Nf6+ 60.Kg3 Nd5 61.Kg4  1/2-1/2

[Event "Buenos Aires ol (Men)"]
[Site "Buenos Aires"]
[Date "1978.??.??"]
[Round "?"]
[White "Shabsh, A."]
[Black "Chorfi, Khaled"]
[Result "1/2-1/2"]
[WhiteElo "2200"]
[BlackElo "2200"]

1.e4 g6 2.d4 Bg7 3.Nc3 d6 4.Nf3 Nf6 5.h3 O-O 6.Bd3 c6 7.Be3 Nbd7 8.Qd2 e5
9.dxe5 dxe5 10.O-O Qe7 11.a3 Nc5 12.b4 Nxd3 13.cxd3 b6 14.Rac1 Ba6 15.Rfd1 Rfd8
16.Qe2 h6 17.Ne1 Nh7 18.Qb2 Nf8 19.a4 Ne6 20.Qb3 Nd4 21.Bxd4 Rxd4 22.b5 Bb7
23.bxc6 Bxc6 24.Nf3 Rd6 25.Nb5 Re6 26.Rc3 Qd7 27.Rc4 Rd8 28.Rd2 a6 29.Na3 Rd6
30.Qc3 Qe8 31.Rb4 b5 32.axb5 Bxb5 33.Nxb5 axb5 34.Qb3 Rb6 35.Rb2 Rdb8 36.Qd5 Kh7
37.R4b3 b4 38.Qc5 Rb5 39.Qe3 Qc6 40.d4 exd4 41.Nxd4 Qc5 42.Nxb5 Qxe3 43.fxe3 Bxb2
44.Rxb4 Be5 45.Kf2 h5 46.Rb3 Rd8 47.Na3 Rd2+ 48.Kf3 Bf6 49.Nc4 Rc2 50.Nd6 Rc7
51.Rb7 Rxb7 52.Nxb7 Be5 53.Nd8 Kg7 54.Nc6 Kf6 55.Nd4 Bc7 56.Ke2 Kg5 57.Kf2 Kf6  1/2-1/2

[Event "Buenos Aires ol (Men)"]
[Site "Buenos Aires"]
[Date "1978.??.??"]
[Round "?"]
[White "Silva Nazzari, Roberto"]
[Black "Jamieson, Robert Murray"]
[Result "0-1"]
[WhiteElo "2275"]
[BlackElo "2420"]

1.e4 g6 2.d4 Bg7 3.Nc3 d6 4.Bc4 Nf6 5.Qe2 Nc6 6.Nf3 Bg4 7.Be3 O-O 8.h3 Bxf3
9.Qxf3 e5 10.d5 Nd4 11.Qd1 c6 12.dxc6 bxc6 13.O-O d5 14.Bd3 Ne6 15.exd5 cxd5
16.Nb5 a6 17.Na3 e4 18.Be2 d4 19.Bd2 Nd5 20.Bc4 Rb8 21.Rb1 Nc5 22.Re1 Re8
23.Qg4 Kh8 24.Qg5 f5 25.Qxd8 Rbxd8 26.b4 Na4 27.Bxa6 e3 28.fxe3 dxe3 29.Bb5 exd2
30.Rxe8+ Rxe8 31.Bxe8 Nac3 32.Ra1 Nxb4 33.Nc4 d1=Q+ 34.Rxd1 Nxd1 35.a4 Nxc2
36.a5 Bd4+ 37.Kh2 Nde3 38.Nb6 Nb4 39.Bb5 Ned5 40.Nc8 Nc7 41.Bc4  0-1

[Event "Buenos Aires ol (Men)"]
[Site "Buenos Aires"]
[Date "1978.??.??"]
[Round "?"]
[White "Szmetan, Jorge"]
[Black "Borik, Otto"]
[Result "1/2-1/2"]
[WhiteElo "2420"]
[BlackElo "2400"]

1.e4 g6 2.d4 Bg7 3.Nc3 d6 4.f4 Nc6 5.Be3 Nf6 6.Nf3 O-O 7.Be2 Ng4 8.Bg1 e5
9.fxe5 dxe5 10.d5 Ne7 11.h3 Nf6 12.Bh2 Nd7 13.Qd2 f6 14.O-O-O Nb6 15.g4 h6
16.Rhg1 g5 17.Nb5 Ng6 18.Qc3 Rf7 19.Qb3 a6 20.Na3 Bf8 21.Kb1 Bc5 22.Rge1 Qd6
23.Nc4 Nxc4 24.Bxc4 b5 25.Bf1 Bd7 26.Qd3 Rb8 27.Rc1 Rff8 28.Bg3 a5 29.c3  1/2-1/2

[Event "URS-ch sf"]
[Site "Daugavpils"]
[Date "1978.??.??"]
[Round "?"]
[White "Gofshtein, Leonid D"]
[Black "Nikolaevsky, Yuri V"]
[Result "1-0"]
[WhiteElo "2400"]
[BlackElo "2200"]

1.d4 g6 2.e4 d6 3.Nc3 Bg7 4.h4 h5 5.Be3 c6 6.Qd2 b5 7.Nh3 Bxh3 8.Rxh3 Nd7
9.a4 b4 10.Na2 a5 11.Nc1 Nb6 12.c3 bxc3 13.Qxc3 Nd7 14.Qxc6 Rc8 15.Qb5 Rb8
16.Qe2 Qb6 17.Qd2 Ngf6 18.f3 Qxb2 19.Qxb2 Rxb2 20.Bb5 O-O 21.Ra2 Rxa2 22.Nxa2 Nb6
23.Ke2 Rb8 24.Nc3 Ne8 25.Rh1 Nc7 26.Rb1 Nxb5 27.Rxb5 Rc8 28.Kd3 Nc4 29.Bg5 e6
30.Nd1 f6 31.Be3 Bf8 32.g3 Be7 33.Rb3 d5 34.exd5 exd5 35.Nc3 Bd6 36.Nxd5 Nxe3
37.Kxe3 Kf7 38.Rb6 Ke6 39.Nf4+ Kd7 40.Nxg6 Re8+ 41.Kd3 Rg8 42.Rb7+ Kd8 43.Ne7 Rxg3
44.Nc6+ Kc8 45.Rh7 Rxf3+ 46.Ke4 Ra3 47.Na7+ Kb8 48.Nb5 Rxa4 49.Nxd6 Ra1 50.Kd5 a4
51.Kc6 Rc1+ 52.Kb6 Rb1+ 53.Nb5 Kc8 54.Kc6 Kd8 55.Rxh5 Ke7 56.Rh7+ Ke6 57.d5+ Kf5
58.d6  1-0

[Event "Eerbeek"]
[Site "Eerbeek"]
[Date "1978.??.??"]
[Round "7"]
[White "Bellin, Robert"]
[Black "Pribyl, Josef"]
[Result "1-0"]
[WhiteElo "2420"]
[BlackElo "2455"]

1.e4 g6 2.d4 Bg7 3.Nc3 d6 4.f4 Nf6 5.Nf3 O-O 6.Bd3 Na6 7.O-O c5 8.d5 Nc7
9.a4 b6 10.Qe1 a6 11.Qh4 Bd7 12.f5 b5 13.Bh6 c4 14.Be2 gxf5 15.Ng5 e6 16.Rf3 exd5
17.Bxg7 Kxg7 18.Rg3 Kh8 19.Qh6  1-0

[Event "Esbjerg"]
[Site "Esbjerg"]
[Date "1978.??.??"]
[Round "5"]
[White "Westerinen, Heikki MJ"]
[Black "Hoi, Carsten"]
[Result "1-0"]
[WhiteElo "2450"]
[BlackElo "2340"]

1.e4 g6 2.d4 Bg7 3.Nc3 d6 4.Bg5 Nf6 5.Qd2 h6 6.Bh4 c6 7.f4 O-O 8.Nf3 Bg4
9.Be2 b5 10.a3 Na6 11.e5 Ne8 12.a4 b4 13.Na2 Nec7 14.Rd1 Rb8 15.O-O b3 16.cxb3 Rxb3
17.Qc2 Qb8 18.Rd2 Re8 19.Bc4 Rxf3 20.gxf3 Bf5 21.Qb3 Qxb3 22.Bxb3 Ne6 23.Re1 d5
24.Rc1 Rb8 25.Bd1 c5 26.dxc5 Naxc5 27.Bxe7 Nd3 28.Rc3 Nexf4 29.Bd6 Rd8 30.Rb3 Nxe5
31.Rb8 Rxb8 32.Bxb8 Nh3+ 33.Kg2 Nc4 34.Re2 d4 35.Re8+ Kh7 36.Be2 Nxb2 37.Nc1 Nxa4
38.Bc4 Bf6 39.Rf8 Nc5 40.Rxf7+ Bg7 41.Be5  1-0

[Event "Esbjerg"]
[Site "Esbjerg"]
[Date "1978.??.??"]
[Round "11"]
[White "Westerinen, Heikki MJ"]
[Black "Forintos, Gyozo V"]
[Result "1-0"]
[WhiteElo "2450"]
[BlackElo "2435"]

1.e4 g6 2.d4 Bg7 3.Nc3 d6 4.Bg5 Nc6 5.Nge2 h6 6.Be3 Nf6 7.f3 e5 8.d5 Ne7
9.Nb5 a6 10.Na3 b5 11.c4 b4 12.Qa4+ c6 13.Qxb4 c5 14.Qd2 Rb8 15.Rb1 Nd7 16.g4 f5
17.h3 h5 18.g5 f4 19.Bf2 h4 20.Rg1 Rh5 21.b4 Qc7 22.Nc1 Ng8 23.Nd3 Bf8 24.Qc3 cxb4
25.Rxb4 Rxb4 26.Qxb4 Nc5 27.Nxc5 dxc5 28.Qa4+ Kf7 29.Nc2 Bd6 30.Na1 Be7 31.Nb3 Rxg5
32.Rxg5 Bxg5 33.Nxc5 Be7 34.Nd3 Bd7 35.Qxd7 Qa5+ 36.Kd1 Qxa2 37.Qe6+ Kf8
38.d6 Qa4+ 39.Kc1 Qa3+ 40.Kc2 Bxd6 41.Qxd6+ Qxd6 42.Bc5 Ke7 43.Bxd6+ Kxd6
44.c5+ Ke6 45.Nxf4+  1-0

[Event "Espergarde op"]
[Site "Espergarde"]
[Date "1978.??.??"]
[Round "6"]
[White "Knudsen, Ole Scott"]
[Black "Nicolaisen, Erik"]
[Result "1/2-1/2"]
[WhiteElo "2290"]
[BlackElo "2200"]

1.e4 g6 2.d4 Bg7 3.Nc3 d6 4.Nge2 Nf6 5.g3 Nc6 6.Bg2 O-O 7.O-O e5 8.dxe5 Nxe5
9.f4 Nc6 10.Be3 Bg4 11.h3 Be6 12.Kh2 Bc4 13.Re1 Re8 14.Nd4 Na5 15.Bf2 Be6
16.Nxe6 Rxe6 17.Qd3 a6 18.Rad1 Qe8 19.Bd4 Nc6 20.Bxf6 Bxf6 21.Nd5 Qd8 22.Nxf6+ Qxf6
23.c3 Rae8 24.Re2 R6e7 25.Rde1 Qe6 26.a3 Qf6 27.Qd5 Qe6 28.Qg5 f6 29.Qg4 Qxg4
30.hxg4  1/2-1/2

[Event "Wch U20"]
[Site "Graz"]
[Date "1978.??.??"]
[Round "2"]
[White "Mateu, Xavier"]
[Black "Swoboda, Ernst"]
[Result "1/2-1/2"]
[WhiteElo "2200"]
[BlackElo "2200"]

1.e4 g6 2.d4 Bg7 3.Nc3 d6 4.Bg5 c6 5.Qd2 Nd7 6.f4 Qa5 7.Nf3 b5 8.Bd3 a6 9.O-O Qb6
10.Qf2 Bb7 11.e5 d5 12.f5 O-O-O 13.a4 f6 14.Be3 Nh6 15.exf6 Nxf6 16.Bxh6 Bxh6
17.fxg6 hxg6 18.Bxg6 Bf4 19.g3 Bd6 20.axb5 axb5 21.Rae1  1/2-1/2

[Event "Wch U20"]
[Site "Graz"]
[Date "1978.??.??"]
[Round "4"]
[White "Van der Wiel, John TH"]
[Black "Morrison, Graham"]
[Result "1/2-1/2"]
[WhiteElo "2200"]
[BlackElo "2200"]

1.e4 g6 2.d4 Bg7 3.Nc3 d6 4.f4 Nf6 5.Nf3 c5 6.dxc5 Qa5 7.Bd3 Qxc5 8.Qe2 Bg4
9.Be3 Qa5 10.O-O O-O 11.Qe1 Nc6 12.Nd2 Bd7 13.Nc4 Qc7 14.Bd2 Nb4 15.Ne3 Qc5
16.Kh1 Qd4 17.Qe2 Rac8 18.Nf5 Bxf5 19.Be3 Bg4 20.Rf3 Nxc2 21.Bxd4 Nxd4 22.Qe3 Bxf3
23.gxf3  1/2-1/2

[Event "Wch U20"]
[Site "Graz"]
[Date "1978.??.??"]
[Round "9"]
[White "Plaskett, Jim"]
[Black "Pasman, Michael"]
[Result "1/2-1/2"]
[WhiteElo "2410"]
[BlackElo "2200"]

1.e4 g6 2.d4 Bg7 3.Nc3 d6 4.Nf3 Nf6 5.Be2 O-O 6.O-O Bg4 7.Be3 Nc6 8.Nd2 Bxe2
9.Qxe2 e5 10.d5 Nd4 11.Qd3 c6 12.dxc6 bxc6 13.Bxd4 exd4 14.Qxd4 Nd5 15.Qc4 Nxc3
16.bxc3 Qa5 17.Nb3 Qxc3 18.Qxc3 Bxc3 19.Rad1 Rfd8 20.Rd3 Bf6 21.Rfd1 d5 22.exd5 cxd5
23.Rxd5 Rac8 24.R1d2 Rc4 25.Rc5 Re8 26.Kf1 Ra4 27.c4 Bc3 28.Re2 Rxe2 29.Kxe2 Rxa2+
30.Kd3 Be1 31.Rc8+ Kg7 32.c5 Bxf2 33.c6 Bb6 34.Nd2 Ra3+ 35.Kc2 Ra5 36.Nc4 Rc5
37.Kb3 Kf6 38.Nd6 Ke6 39.Ne4 Rc1 40.Kb4 Rc2 41.Kb5 f5 42.Re8+ Kd5 43.Nf6+ Kd6
44.Nxh7 Rxg2 45.Nf8 Rb2+ 46.Kc4 Rc2+ 47.Kd3 Rxc6 48.Nxg6 Kd7 49.Re7+ Kd8
50.Rg7 Rd6+ 51.Kc4 f4 52.Rg8+ Kc7 53.Rg7+ Kb8 54.Ne5 Be3 55.h4 Rd4+ 56.Kb5 Rd1
57.Nc6+ Kc8 58.Nxa7+ Kd8 59.Nc6+ Ke8 60.Kc4 Kf8 61.Rg6 Kf7 62.Ne5+ Ke7 63.Nc6+ Ke8
64.h5  1/2-1/2

[Event "Wch U20"]
[Site "Graz"]
[Date "1978.??.??"]
[Round "11"]
[White "West, Guy"]
[Black "Swoboda, Ernst"]
[Result "0-1"]
[WhiteElo "2200"]
[BlackElo "2200"]

1.e4 g6 2.d4 Bg7 3.Nc3 d6 4.f4 Nc6 5.d5 Nb8 6.Be3 Nf6 7.Nf3 O-O 8.g3 e6 9.dxe6 Bxe6
10.Nd4 Bg4 11.Qd3 Re8 12.h3 Bd7 13.Bg2 Na6 14.Nb3 Bc6 15.O-O-O Qe7 16.Nd2 Qe6
17.a3 Nc5 18.Bxc5 dxc5 19.Rhe1 b5 20.f5 Qe5 21.fxg6 hxg6 22.Bh1 b4 23.Nc4 Qg5+
24.Kb1 bxc3 25.e5 Rad8 26.Qxd8 Rxd8 27.Rxd8+ Ne8 28.Red1 Bb5 29.b3 Kh7 30.Na5 Bxe5
31.R8d5 Qxg3 32.Nc4 Bxc4 33.bxc4 Bd4 34.Rd7 Ng7 35.Bd5 f5 36.h4 Kh6 37.Rd8 Nh5
38.Rh1 Bf6 39.Rd7 Bxh4 40.Bg8 Nf6  0-1

[Event "Wch U20"]
[Site "Graz"]
[Date "1978.??.??"]
[Round "13"]
[White "Duer, Arne"]
[Black "Swoboda, Ernst"]
[Result "1-0"]
[WhiteElo "2365"]
[BlackElo "2200"]

1.e4 g6 2.d4 Bg7 3.Nc3 d6 4.Nf3 Nf6 5.Be2 O-O 6.O-O Bg4 7.Be3 Nc6 8.Qd2 e5
9.d5 Ne7 10.Rad1 Bd7 11.Ne1 b5 12.a3 a5 13.b4 Qb8 14.f3 Qb7 15.Rb1 a4 16.Nd3 c6
17.f4 exf4 18.Bxf4 Ne8 19.Bf3 cxd5 20.exd5 Rc8 21.Ne4 Nf5 22.c3 Nh4 23.Ne1 Bf5
24.Rc1 Nxf3+ 25.gxf3 Bxe4 26.fxe4 Rc4 27.Qd3 Qe7 28.Nf3 Qxe4 29.Qxe4 Rxe4
30.Nd2 Rxf4 31.Rxf4 Bh6 32.Rd4 Be3+ 33.Kf1 Bxd4 34.cxd4 f5 35.Rc6 Rf7 36.Rb6 Rc7
37.Rxb5 Rc3 38.Ra5 Rxa3 39.b5 Ra1+ 40.Ke2 Ra2 41.Kd3 Rb2 42.Kc3 a3 43.Nc4 Re2
44.b6 Re7 45.Rxa3 Nf6 46.Ra7 Nxd5+ 47.Kb3 Rxa7 48.bxa7 Nc7 49.Nxd6 Kf8 50.Kc4 Ke7
51.Nb5 Na8 52.d5 Kd7 53.Kd4 Nb6 54.Kc5 Na4+ 55.Kb4 Nb6 56.Ka5 Na8 57.Ka6 f4
58.Nd4 Kc8 59.Kb5 Kd7 60.Kc5 g5 61.Nf3 g4 62.Ne5+ Kc7 63.Nxg4 f3 64.d6+ Kb7
65.Kd5 Nb6+ 66.Ke6 Kc6 67.d7 Kc7 68.a8=N+ Nxa8 69.Ke7  1-0

[Event "DEN-ch"]
[Site "Horsens"]
[Date "1978.??.??"]
[Round "3"]
[White "Jakobsen, Ole"]
[Black "Hoi, Carsten"]
[Result "0-1"]
[WhiteElo "2400"]
[BlackElo "2340"]

1.e4 g6 2.d4 Bg7 3.Nc3 d6 4.f4 Nf6 5.Nf3 O-O 6.Be3 c6 7.Bd3 Nbd7 8.h3 e5
9.fxe5 dxe5 10.dxe5 Ne8 11.Bg5 Qb6 12.Be7 Nxe5 13.Bxf8 Kxf8 14.Rb1 Be6 15.Nxe5 Bxe5
16.Ke2 Nf6 17.Qg1 Bd4 18.Qh2 c5 19.Nd5 Nxd5 20.exd5 Bxd5 21.c4 Qe6+ 22.Kd2 Qe3+
23.Kc2 Be4 24.Qd6+ Kg7 25.Bxe4 Qxe4+ 26.Kb3 Qd3+ 27.Ka4 Qxc4+ 28.b4 a5  0-1

[Event "NLD-ch"]
[Site "Leeuwarden"]
[Date "1978.??.??"]
[Round "3"]
[White "Kuijpers, Franciscus Antonius"]
[Black "Hartoch, Robert G"]
[Result "1/2-1/2"]
[WhiteElo "2415"]
[BlackElo "2405"]

1.e4 g6 2.d4 Bg7 3.Nc3 d6 4.Nf3 Bg4 5.Be2 Nf6 6.Be3 O-O 7.Qd2 Nc6 8.O-O e5
9.d5 Ne7 10.Rad1 Nd7 11.Ng5 Bxe2 12.Qxe2 h6 13.Nh3 Kh7 14.Kh1 Ng8 15.f4 exf4
16.Rxf4 Ne5 17.Rdf1 Qd7 18.Bd4 Rae8 19.Qd1 a6 20.Ng1 h5 21.h3 Qe7 22.R4f2 Nh6
23.Nge2 c5 24.dxc6 bxc6 25.Be3 Rd8  1/2-1/2

[Event "NLD-ch"]
[Site "Leeuwarden"]
[Date "1978.??.??"]
[Round "9"]
[White "Ligterink, Gert"]
[Black "Hartoch, Robert G"]
[Result "1-0"]
[WhiteElo "2440"]
[BlackElo "2405"]

1.e4 g6 2.d4 Bg7 3.Nc3 d6 4.f4 Nf6 5.Nf3 O-O 6.Be2 c5 7.dxc5 Qa5 8.O-O Qxc5+
9.Kh1 Bg4 10.Bd3 Nc6 11.Qe1 Nb4 12.Be3 Nxd3 13.cxd3 Qb4 14.Qd2 Rfc8 15.Nd4 Bd7
16.h3 Nh5 17.Qf2 Bc6 18.a3 Qa5 19.b4 Qd8 20.f5 Nf6 21.g4 Be8 22.Rac1 Qd7
23.Qh4 Rc7 24.g5 Nh5 25.Nd5 Rcc8 26.f6 Rxc1 27.Rxc1 exf6 28.gxf6 Bxf6 29.Qxh5 Bxd4
30.Bxd4 gxh5 31.Rg1+  1-0

[Event "Aaronson"]
[Site "London"]
[Date "1978.??.??"]
[Round "10"]
[White "Bennett, Terry B"]
[Black "Valvo, Michael J"]
[Result "1/2-1/2"]
[WhiteElo "2270"]
[BlackElo "2530"]

1.d4 g6 2.e4 Bg7 3.Nc3 d6 4.Bc4 Nf6 5.Qe2 Nc6 6.e5 Nh5 7.g4 Nxd4 8.Qd1 Bxg4
9.Qxd4 Qc8 10.f4 O-O 11.Nd5 Qd7 12.Ne3 dxe5 13.Qxd7 Bxd7 14.fxe5 Bxe5 15.Nf3 Bg7
16.O-O h6 17.Bd2 b5 18.Bb3 a5 19.a4 Nf4 20.Nd5 Nxd5 21.Bxd5 Rab8 22.Bxa5 bxa4
23.Bc3 Rb5 24.Bc4 Rc5 25.Bxg7 Kxg7 26.b3 e5 27.Rfe1 f6 28.Nd2 axb3 29.cxb3 Rb8
30.Ne4 Rc6 31.Nc3 Be6 32.Nd5 Rd8 33.Rad1 Rcd6 34.Ne3 Bxc4 35.Rxd6 Rxd6 36.Nxc4 Rd3
37.Re3 Rd5 38.Rc3 Rc5 39.Kf2 f5 40.Ke3 Kf6  1/2-1/2

[Event "Lone Pine op"]
[Site "Lone Pine"]
[Date "1978.??.??"]
[Round "1"]
[White "Browne, Walter S"]
[Black "Taulbut, Shaun M"]
[Result "1-0"]
[WhiteElo "2550"]
[BlackElo "2405"]

1.d4 g6 2.e4 d6 3.Nc3 Bg7 4.Nf3 Nf6 5.Be2 O-O 6.O-O c6 7.a4 Qc7 8.h3 e5 9.dxe5 dxe5
10.Bc4 Nh5 11.Re1 Nd7 12.Be3 Nf4 13.a5 h6 14.Qc1 b5 15.axb6 Nxb6 16.Bb3 Be6
17.Bxe6 fxe6 18.Nd2 Qe7 19.Kh2 Qg5 20.g3 Qh5 21.gxf4 exf4 22.Bxb6 f3 23.Nf1 Be5+
24.Ng3 g5 25.Rh1 axb6 26.Rxa8 Rxa8 27.Nd1 Qh4 28.Ne3 Qxe4 29.Ng4 Bxg3+ 30.Kxg3 Ra1
31.Nf6+  1-0

[Event "Lone Pine op"]
[Site "Lone Pine"]
[Date "1978.??.??"]
[Round "3"]
[White "Ervin, Roy C"]
[Black "Taulbut, Shaun M"]
[Result "0-1"]
[WhiteElo "2390"]
[BlackElo "2405"]

1.e4 g6 2.d4 d6 3.Nc3 Bg7 4.Be3 c6 5.Qd2 b5 6.f3 Nd7 7.Nge2 Ngf6 8.g4 Bb7
9.h4 Nb6 10.b3 h5 11.g5 Nfd7 12.Bh3 b4 13.Nd1 c5 14.Nf2 Ba6 15.a3 Bxe2 16.Kxe2 bxa3
17.Rxa3 cxd4 18.Bxd4 Bxd4 19.Qxd4 O-O 20.Rha1 Qc7 21.R1a2 Ne5 22.Nd3 Nxd3
23.cxd3 e6 24.Qa1 d5 25.e5 d4 26.f4 Nd5 27.Kf3 Nc3 28.Rd2 Rab8 29.Kg3 a5
30.Bg2 Rb5 31.Rb2 Rfb8 32.b4 Rxb4 33.Rxb4 axb4 34.Ra7 Qb6  0-1

[Event "Lone Pine op"]
[Site "Lone Pine"]
[Date "1978.??.??"]
[Round "7"]
[White "Bisguier, Arthur Bernard"]
[Black "Taulbut, Shaun M"]
[Result "1/2-1/2"]
[WhiteElo "2435"]
[BlackElo "2405"]

1.d4 g6 2.e4 d6 3.Nc3 Bg7 4.Nge2 Nf6 5.g3 O-O 6.Bg2 e5 7.O-O Nbd7 8.Re1 Re8
9.h3 exd4 10.Nxd4 Nc5 11.Bf4 Nh5 12.Be3 Nf6 13.f3 a5 14.Qd2 Nfd7 15.Rad1 a4
16.Ndb5 b6 17.Bg5 f6 18.Qd5+ Kh8 19.Qxa8 fxg5 20.Nd5 Ne5 21.Ndxc7 Rf8 22.Rxd6 Qe7
23.Nd5 Nxf3+ 24.Bxf3 Qe5 25.Kh2 Bd7 26.Qxf8+ Bxf8 27.Rxb6 Bxb5 28.Rxb5 Bd6
29.Rg1 Qd4 30.Rg2 h5 31.Rb6 Qe5 32.Kh1 a3 33.bxa3 Kg7 34.Rb1 g4 35.hxg4 hxg4
36.Bxg4 Nxe4 37.Nf4 Nxg3+ 38.Rxg3 Qxf4 39.Rb7+ Kh6 40.Rbb3 Qe4+ 41.Rg2 Qe1+
42.Rg1 Qe4+ 43.Rg2  1/2-1/2

[Event "CSR-ch"]
[Site "Marianske Lazne"]
[Date "1978.??.??"]
[Round "2"]
[White "Ambroz, Jan"]
[Black "Ftacnik, Lubomir"]
[Result "0-1"]
[WhiteElo "2200"]
[BlackElo "2380"]

1.e4 g6 2.d4 Bg7 3.Nc3 d6 4.f4 c6 5.Nf3 Bg4 6.Be3 Qb6 7.Qd2 Bxf3 8.gxf3 e6
9.O-O-O Qa5 10.Kb1 Nd7 11.e5 d5 12.Ne4 Qxd2 13.Nd6+ Kf8 14.Rxd2 Rb8 15.Rg2 Ne7
16.Bd3 Nb6 17.Rhg1 Nbc8 18.f5 Nxd6 19.exd6 Nxf5 20.Bxf5 exf5 21.Re1 h6 22.Rge2 Bf6
23.Bf4 Kg7 24.Re7 Bxe7 25.Rxe7 Rhe8 26.Be5+ Kf8 27.Kc1 Rbd8 28.Rxb7 Re6 29.Rxa7 g5
30.a4 Ke8 31.a5 f6 32.f4 fxe5 33.fxe5 Rd7 34.Ra8+ Kf7 35.Rh8 Kg7 36.Rc8 f4
37.Rxc6 g4 38.Kd1 g3 39.hxg3 fxg3 40.Ke1 Rf7 41.Rc7 Rg6  0-1

[Event "Kringsja"]
[Site "Oslo"]
[Date "1978.??.??"]
[Round "5"]
[White "Michelsen, Svein"]
[Black "Niklasson, Christer"]
[Result "1/2-1/2"]
[WhiteElo "2200"]
[BlackElo "2340"]

1.e4 g6 2.d4 Bg7 3.Nc3 d6 4.f4 c6 5.Be3 Qb6 6.Qd2 Qxb2 7.Rb1 Qa3 8.Nf3 Nf6
9.h3 O-O 10.e5 Nh5 11.Bd3 Ng3 12.Rg1 f5 13.Rb3 Qa5 14.Kf2 Nh5 15.g4 fxg4
16.hxg4 Nxf4 17.Bxf4 Be6  1/2-1/2

[Event "POL-ch (Women)"]
[Site "?"]
[Date "1978.??.??"]
[Round "?"]
[White "Brustman, Agnieszka"]
[Black "Szmacinska, Grazyna"]
[Result "0-1"]
[WhiteElo "1950"]
[BlackElo "2180"]

1.e4 d6 2.d4 g6 3.Nc3 Bg7 4.Be3 Nf6 5.f3 c6 6.Qd2 Nbd7 7.Nh3 b5 8.Bd3 Qa5
9.O-O O-O 10.Bh6 Qb4 11.Ne2 Qxd2 12.Bxd2 Rb8 13.Nf2 c5 14.c3 c4 15.Bc2 Nb6
16.Be3 d5 17.e5 Ne8 18.Bg5 Rb7 19.Ng3 h6 20.Bd2 Nc7 21.Rfe1 Bd7 22.f4 e6
23.Ng4 Rfb8 24.Rac1 h5 25.Nf2 a5 26.b3 cxb3 27.axb3 a4 28.Nd3 Na6 29.Ra1 Bf8
30.Ra2 Rc7 31.Rea1 Rbc8 32.Bd1 Nb8 33.bxa4 bxa4 34.Nb2 a3 35.Nd3 Ba4 36.Nb4 Bxd1
37.Rxd1 Nc4 38.Bc1 Ra7 39.Nf1 Nc6 40.Nxc6 Rxc6 41.Kf2 Nb6 42.Bd2 Na4 43.Rc1 Rac7
44.Rac2 Bb4 45.Ke2 Bxc3 46.Ne3 Kf8 47.Be1 Ke8 48.Kd3 Nb2+ 49.Ke2 a2 50.Bxc3 Rxc3
51.Rxc3 Rxc3 52.Ra1 Ra3 53.Nc2 Ra4 54.Kd2 Nc4+ 55.Kc3 Ra6 56.Kb3 Rb6+ 57.Nb4 Na5+
58.Kc3 Nc6 59.Nxc6 Rxc6+ 60.Kb3 Rc4 61.Rxa2 Rxd4 62.g3 h4 63.Kc3 Rd1 64.Rg2 h3
65.Ra2 Kf8 66.Rb2 Rg1 67.Kd3 Rg2 68.Rb1 Rxh2 69.Ke3 Rc2 70.g4 h2 71.Kf3 Ke7
72.Rb7+ Kd8 73.Rb8+ Kc7 74.Rh8 Kc6 75.Ke3 Kc5 76.Kd3 Rg2 77.g5 Rg3+ 78.Kc2 Rf3
79.Rxh2 Rxf4  0-1

[Event "SVK-ch"]
[Site "Presov"]
[Date "1978.??.??"]
[Round "3"]
[White "Krisko, D."]
[Black "Petrik, Karol"]
[Result "1-0"]
[WhiteElo "2255"]
[BlackElo "2230"]

1.d4 g6 2.e4 Bg7 3.Nc3 d6 4.Nf3 Nf6 5.Be2 O-O 6.O-O Bg4 7.Be3 e5 8.dxe5 dxe5
9.Nxe5 Qxd1 10.Bxd1 Bxd1 11.Raxd1 Nxe4 12.Nxg6 Nxc3 13.Ne7+ Kh8 14.bxc3 Bxc3
15.Nd5 Be5 16.f4 Bd6 17.Bd4+ f6 18.Nxf6 Nc6 19.Ba1 Rfd8 20.Ne4+ Kg8 21.Rd3 Kf8
22.Rh3  1-0

[Event "SVK-ch"]
[Site "Presov"]
[Date "1978.??.??"]
[Round "10"]
[White "Hlinka, M."]
[Black "Franzen, Josef"]
[Result "0-1"]
[WhiteElo "2225"]
[BlackElo "2325"]

1.e4 g6 2.d4 Bg7 3.Nc3 d6 4.Nf3 Nf6 5.Be2 O-O 6.O-O c6 7.h3 Qc7 8.Bf4 Nh5
9.Be3 Nd7 10.a4 e5 11.dxe5 dxe5 12.Bc4 Nf4 13.a5 h6 14.Qb1 Re8 15.b4 Nf8
16.Qb3 a6 17.Na4 Be6 18.Rad1 Qe7 19.Nb6 Rad8 20.Kh2 Rxd1 21.Rxd1 Rd8 22.Bc5 Qe8
23.Rxd8 Qxd8 24.g3 Bxc4 25.Nxc4 N4e6 26.Ncxe5 Qe8 27.Nd3 Ng5 28.Nxg5 hxg5
29.Qc4 Ne6 30.Bd6 Qd7 31.e5 Qe8 32.Kg2 Qd7 33.Qe4 Qe8 34.c4 Qd7 35.f4 gxf4
36.gxf4 Bf8 37.c5 Bh6 38.Qf3 Nd4 39.Qg4 Nf5 40.Qe2 Qe6 41.Qe4 Qa2+ 42.Nf2 Qb3
43.Nd3 Kh7 44.Kf3 Qd1+ 45.Kf2 Qd2+ 46.Qe2 Bxf4 47.Qxd2 Bxd2 48.Ke2 Bc3 49.Kd1 Ne3+
50.Kc1 Nd5 51.Kc2 Bxb4 52.Nb2 Bxa5 53.Nc4 Bb4 54.Kb3 g5 55.Bb8 Bxc5 56.Na5 b6
57.Nxc6 Nf4 58.Bd6 Nxh3 59.Bxc5 bxc5 60.Ne7 g4 61.Nf5 Nf4 62.Kc4 Ne6 63.Kd5 Kg6
64.Ng3 Kg5 65.Ne4+ Kf4  0-1